000
00280nam a2200121Ia 4500
008
190216s9999||||xx |||||||||||||| ||und||
100
_a
Moorthy P R
245
0
_a
Mrugasamrakshanam
260
_b
Kerala Bhasha Institute
_c
1970
300
_a
231p
650
_a
Zoology
942
_c
BK
999
_c
37345
_d
37345